000 00746nam a2200205 4500
001 111626
003 ES-MaACL
005 20230906185332.0
007 t|
008 061121s1984 sp r ||||1| spa d
110 2 _aOrganización de Cooperación y Desarrollo Económico.
_9167502
245 1 0 _aMigraciones y empleo /
_cOrganización de Cooperación y Desarrollo Económico ; traducción de María Luisa Vázquez.
260 _aMadrid :
_bMinisterio de Trabajo y Seguridad Social,
_c1984.
490 1 _aInformes ocde
700 1 _aVázquez, María Luisa.
_9113380
710 1 _aEspaña.
_bMinisterio de Trabajo y Seguridad Social.
_93936
830 0 _aInformes ocde
_9185686
852 _aES-MaACL
_jL-6752
_bR.107408
999 _c111626
_d111626